|
|
|
|
| LEADER |
00629nab a2200169 i 4500 |
| 001 |
misc3908 |
| 005 |
20191106143205.0 |
| 008 |
170607s1925 hu o 0|| hun d |
| 040 |
|
|
|a SZTE Miscellanea Repozitórium
|b hun
|
| 041 |
|
|
|a hun
|
| 100 |
1 |
|
|a Wagner György
|
| 245 |
1 |
0 |
|a Eljárási költségek késedelmes fizetése
|h [elektronikus dokumentum] /
|c Wagner György
|
| 260 |
|
|
|c 1925
|
| 300 |
|
|
|a 236-238a
|
| 490 |
0 |
|
|a Polgári jog : a hazai és külföldi magánjog és hiteljog szemléje
|v 1
|
| 695 |
|
|
|a Eljárásjog fizetési késedelem
|
| 856 |
4 |
0 |
|u http://misc.bibl.u-szeged.hu/3908/1/polgari_jog_1925_236-238a.pdf
|z Dokumentum-elérés
|